=LDR 00000nam 2200000 4500 =001 INLIS000000000028561 =005 20130612130846 =008 ***********************************Ind** =035 ##$$0010-061300000028561 =041 ##$$a Ind =082 ##$$a 641.5 =090 ##$$a 641.5, Suw m =100 ##$$a Suwito, Mastur =245 ##$$a Masakan ayam dari chef ternama, Mastur Suwito =260 ##$$a 2006 $b jakarta =300 ##$$a 32 hlm, ilus, 24 cm =650 ##$$a Masakan =850 ##$$a NBPNMAT